Estadísticas forestales para la guadua : (Registro nro. 5548)

Detalles MARC
000 -CABECERA
Campo de control 01246nam a2200313 a 4500
005 - FECHA Y HORA DE LA ULTIMA TRANSACCION
Campo de control 20160301123508.0
008 - ELEMENTOS DE LONGITUD FIJA—INFORMACION GENERAL
Campo de control 160301s2006 ck do fr|||| 000 0 spa d
020 ## - ISBN
ISBN 9589617697
040 ## - FUENTE DE CATALOGACIÓN
Agencia catalogadora original CO-BoIAVH
Agencia transcriptora CO-BoIAVH
041 0# - IDIOMA
Código de idioma para texto/pista de sonido o título separado Español
044 ## - PAÍS DE PUBLICACIÓN
País de publicación Colombia
082 04 - NUMERO DE CLASIFICACION DECIMAL DEWEY
Número de clasificación 584.9
Número del ítem M84e
100 1# - ASIENTO PRINCIPAL--NOMBRE PERSONAL
Nombre personal Moreno Orjuela, Ruben Darío
9 (RLIN) 24663
245 10 - MENCION DE TITULO
Título Estadísticas forestales para la guadua :
Parte restante del título en el Eje Cafetero - Tolima y Valle del Cauca /
Mención de responsabilidad GTZ , Ministerio de Ambiente, Vivienda y Desarrollo Territorial, Corporación Autónoma Regional de Risaralda
260 ## - PUBLICACION, DISTRIBUCION, ETC. (PIE DE IMPRENTA)
Lugar de publicación, distribución, etc. Pereira :
Nombre del editor, distribuidor, etc. GTZ :
Fecha de publicación, distribución, etc. 2006.
300 ## - DESCRIPCION FISICA
Extensión 53 páginas :
Otros detalles físicos Gráficos a color, fotografías a color ;
Dimensiones 28 x 22 cm.
504 ## - NOTA DE BIBLIOGRAFIA, ETC.
Nota de bibliografía Incluye referencias bibliográficas: página 53.
650 16 - ASIENTO SECUNDARIO DE MATERIA - TERMINO TEMATICO
Término temático o nombre geográfico como elemento de entrada Poales
9 (RLIN) 58177
650 16 - ASIENTO SECUNDARIO DE MATERIA - TERMINO TEMATICO
Término temático o nombre geográfico como elemento de entrada Guadua
9 (RLIN) 63181
650 26 - ASIENTO SECUNDARIO DE MATERIA - TERMINO TEMATICO
Término temático o nombre geográfico como elemento de entrada Guadua
Subdivisión general Producción
Subdivisión geográfica Zona Cafetera (Colombia)
9 (RLIN) 63182
650 26 - ASIENTO SECUNDARIO DE MATERIA - TERMINO TEMATICO
Término temático o nombre geográfico como elemento de entrada Guadua usos.
9 (RLIN) 63183
662 ## - ASIENTO SECUNDARIO DE MATERIA - JERARQUIA DEL NOMBRE DE LUGAR(
País o entidad mayor Colombia
Jurisdicción política de primer orden Tolima
662 ## - ASIENTO SECUNDARIO DE MATERIA - JERARQUIA DEL NOMBRE DE LUGAR(
País o entidad mayor Colombia
Jurisdicción política de primer orden Valle del Cauca
662 ## - ASIENTO SECUNDARIO DE MATERIA - JERARQUIA DEL NOMBRE DE LUGAR(
País o entidad mayor Colombia
Jurisdicción política de primer orden Zona Cafetera
710 2# - ASIENTO SECUNDARIO - NOMBRE CORPORATIVO
Nombre corporativo o de jurisdicción como elemento de entrada Corporación Autónoma Regional de Risaralda
9 (RLIN) 951
710 2# - ASIENTO SECUNDARIO - NOMBRE CORPORATIVO
Nombre corporativo o de jurisdicción como elemento de entrada Ministerio de Ambiente, Vivienda y Desarrollo Territorial
9 (RLIN) 63184
710 2# - ASIENTO SECUNDARIO - NOMBRE CORPORATIVO
Nombre corporativo o de jurisdicción como elemento de entrada Cooperación Técnica Alemana, GTZ
9 (RLIN) 26140
942 ## - ELEMENTOS ADICIONALES (KOHA)
Tipo de ítem Libro
Sistema de clasificación Dewey Decimal Classification
Existencias
Withdrawn status Lost status Sistema de Clasificación Damaged status No para préstamo Colección Inventariado Ubicación Permanente Ubicación actual Fecha de adquisición Fuente de Valor Valor Total Checkouts Número topográfico Inventario / Código de Barras Date last seen Ejemplar Price effective from Tipo de material Forma de adquisición
    Dewey Decimal Classification     General Inventariado 2017 Bogotá Bogotá 23/05/2007 Instituto 15000.00   LB-584.9 M84e 024365 04/12/2012 Ej.1 04/12/2012 Libro  
    Dewey Decimal Classification     General Inventariado 2017 Sala Fabio Quevedo Sala Fabio Quevedo 23/05/2007 Instituto 15000.00   LB-584.9 M84e 025462 04/12/2012 Ej.2 04/12/2012 Libro